000 02111cam a2200481 i 4500
999 _c2052
_d2052
001 20613423
003 OSt
005 20230303093926.0
008 180803s2013 enka j 000 1 eng d
010 _a 2018287863
015 _aGBB315742
_2bnb
016 7 _a016280569
_2Uk
020 _a9781471122514
_q(paperback)
035 _a(OCoLC)ocn828416874
040 _aUKMGB
_beng
_cUKMGB
_dNZTHP
_dIHX
_dOCLCO
_dAU@
_dAUMCS
_dOCLCF
_dAUGEN
_dOCLCO
_dAUOAC
_dOCLCO
_dOCL
_dDLC
_dKH8
042 _alccopycat
082 0 4 _aFIC RUS
_223
100 1 _aRussell, Rachel Renée,
_eauthor.
245 1 0 _aHoliday heartbreak /
_cRachel Renee Russell ; with Nikki Russell and Erin Russell.
264 1 _aLondon :
_bSimon & Schuster,
_c2013.
300 _a343 pages :
_billustrations ;
_c21 cm.
336 _atext
_2rdacontent
337 _aunmediated
_2rdamedia
338 _avolume
_2rdacarrier
490 0 _aDork diaries
520 _aNikki Maxwell's love life is looking up. Her crush, Brandon, has asked her on an almost-date! Nikki wants to ask Brandon to the upcoming school dance, but he's suddenly acting as if he doesn't like her after all. Will Nikki be able to to pluck up the courage to ask him anyway?
521 _aNo warning.
650 0 _aMaxwell, Nikki (Fictitious character)
_vJuvenile fiction.
650 0 _aInfatuation
_vJuvenile fiction.
650 0 _aFriendship
_vJuvenile fiction.
650 0 _aMiddle schools
_vJuvenile fiction.
650 7 _aFriendship.
_2fast
_0(OCoLC)fst00935174
650 7 _aInfatuation.
_2fast
_0(OCoLC)fst01763490
650 7 _aMiddle schools.
_2fast
_0(OCoLC)fst01020553
655 7 _aFiction.
_2fast
_0(OCoLC)fst01423787
655 7 _aJuvenile works.
_2fast
_0(OCoLC)fst01411637
700 1 _aRussell, Nikki,
_eillustrator.
700 1 _aRussell, Erin,
_eauthor.
906 _a7
_bcbc
_ccopycat
_d2
_encip
_f20
_gy-gencatlg
942 _2ddc
_cFIC